书目信息 |
| 题名: |
概率论与数理统计应用
|
|
| 作者: | 施雨 , 李耀武 主编 | |
| 分册: | ||
| 出版信息: | 西安 西安交通大学出版社 1998.02 |
|
| 页数: | 245页 | |
| 开本: | 16开 | |
| 丛书名: | ||
| 单 册: | ||
| 中图分类: | O213 | |
| 科图分类: | ||
| 主题词: | 概率论 , 数理统计 | |
| 电子资源: | ||
| ISBN: | 7-5605-0945-2 | |
| 000 | 00628nam0 2200217 45 | |
| 001 | 0008051504 | |
| 005 | 20000805153542.5 | |
| 010 | @a7-5605-0945-2@d15.00元 | |
| 100 | @a20000805d1998 km y0chiy0120 ea | |
| 101 | 0 | @achi |
| 105 | @a z 000yy | |
| 200 | 1 | @a概率论与数理统计应用@AGai Lu Lun Yu Shu Li Tong Ji Ying Yong@f施雨,李耀武主编@FShi Yu,Li Yao Wu Zhu Bian |
| 210 | @a西安@c西安交通大学出版社@d1998.02 | |
| 215 | @a245页@d16开 | |
| 606 | 0 | @a概率论 |
| 606 | 0 | @a数理统计 |
| 690 | @aO213@v3 | |
| 701 | 0 | @a施雨@4主编 |
| 701 | 0 | @a李耀武@4主编 |
| 801 | @aCN@bPftUser@c20000805 | |
| 905 | @b89629-633@dO213@eSH.799@f5 | |
| 概率论与数理统计应用/施雨,李耀武主编.-西安:西安交通大学出版社,1998.02 |
| 245页;16开 |
| ISBN 7-5605-0945-2:15.00元 |
| ● |
| 相关链接 |
|
|
|
正题名:概率论与数理统计应用
索取号:O213/SH.799
 
预约/预借
| 序号 | 登录号 | 条形码 | 馆藏地/架位号 | 状态 | 备注 |
| 1 | 89629 | 200896290 | 自科二线504/504自科库 49排3列3层/ [索取号:O213/SH.799] | 在馆 | |
| 2 | 89630 | 200896307 | 自科库401/401自科库 78排1列3层/ [索取号:O213/SH.799] | 在馆 | |
| 3 | 89631 | 200896316 | 自科二线504/504自科库 49排3列3层/ [索取号:O213/SH.799] | 在馆 | |
| 4 | 89632 | 200896325 | 自科二线504/504自科库 49排3列3层/ [索取号:O213/SH.799] | 在馆 | |
| 5 | 89633 | 200896334 | 自科二线504/504自科库 49排3列3层/ [索取号:O213/SH.799] | 在馆 |